| 000 | 00736nab a2200229 a 4500 | ||
|---|---|---|---|
| 001 | 66191 | ||
| 003 | 139021 | ||
| 005 | 20201118110255.0 | ||
| 008 | ||||||n9999 ||| || || | ||
| 041 | _apor | ||
| 100 | _aBarbe, Roger | ||
| 245 | 2 |
_aA estrategia francesa de renovacao do servico publico : _bpp.19-49 |
|
| 260 |
_aBrasil : _bFundaco Escola Nacional de Administracao Publica, _c1993. |
||
| 300 | _app.19-49 | ||
| 562 | _e0 | ||
| 650 | _aBOGOTÁ (COLOMBIA)--ADMINISTRACIÓN PÚBLICA | ||
| 650 | _aESTRATEGIAS PARA EL DESARROLLO | ||
| 650 | _aREFORMAS ADMINISTRATIVAS | ||
| 650 | _aSERVICIOS PÚBLICOS | ||
| 773 |
_060029 _aContrato de gestao e a experiencia francesa de renovacao do sector publico |
||
| 942 | _cANADO | ||
| 999 |
_c66191 _d66191 |
||